Score 0/100 Timer 11:00
6 Plays Today
Population City % Correct
7,322,564New York
98.9%
3,485,398Los Angeles
96.6%
2,783,726Chicago
96%
1,630,553Houston
93.9%
1,006,877Dallas
93.2%
1,585,577Philadelphia
91.7%
723,959San Francisco
91.7%
358,548Miami
90.9%
1,110,549San Diego
90.2%
983,403Phoenix
90%
1,027,974Detroit
90%
606,900Washington
89.2%
516,259Seattle
88.4%
574,283Boston
88.3%
467,610Denver
87%
731,327Indianapolis
86.7%
496,938New Orleans
85.8%
394,017Atlanta
84.1%
465,622Austin
83.9%
736,014Baltimore
83.7%
444,719Oklahoma City
83.5%
488,374Nashville
83%
437,319Portland
82.7%
935,933San Antonio
82.3%
505,616Cleveland
82.2%
435,146Kansas City
81.8%
196,637Jackson
80.9%
632,910Columbus
79.3%
178,681Columbus
79.3%
369,879Pittsburgh
79.1%
610,337Memphis
78.7%
258,295Las Vegas
78.7%
396,685St. Louis
78.2%
368,383Minneapolis
77.7%
Population City % Correct
635,230Jacksonville
77.1%
365,272Honolulu
76%
369,365Sacramento
75.2%
364,040Cincinnati
74.7%
628,088Milwaukee
74.3%
782,248San Jose
73%
280,015Tampa
72.2%
328,123Buffalo
71.6%
395,934Charlotte
70.6%
272,235St. Paul
69.6%
447,619Fort Worth
68.9%
207,951Raleigh
68.5%
203,056Richmond
67.2%
515,342El Paso
66.6%
219,531Baton Rouge
65.4%
372,242Oakland
64.6%
384,736Albuquerque
64.4%
335,795Omaha
64%
269,063Louisville
63.6%
191,262Madison
63%
367,302Tulsa
61.4%
275,221Newark
60%
175,795Little Rock
59.1%
405,390Tucson
58.6%
191,972Lincoln
58.1%
265,968Birmingham
58%
193,187Des Moines
57%
281,140Colorado Springs
54.8%
393,069Virginia Beach
53.9%
226,338Anchorage
51.2%
187,106Montgomery
50.7%
332,943Toledo
49.6%
354,202Fresno
48%
225,366Lexington
47.3%
Population City % Correct
304,011Wichita
46.7%
266,406Anaheim
46.7%
223,019Akron
46.5%
228,537Jersey City
46.4%
231,636Rochester
45.2%
261,721Arlington
44.3%
170,936Arlington
44.3%
196,278Mobile
44.2%
182,044Dayton
42%
429,433Long Beach
41.3%
288,091Mesa
40.7%
176,664Tacoma
38.4%
238,629St. Petersburg
37.4%
177,196Spokane
36.8%
261,229Norfolk
36.3%
174,820Bakersfield
36.2%
173,072Fort Wayne
34.7%
222,103Aurora
33.5%
257,453Corpus Christi
33.1%
189,126Grand Rapids
31.7%
188,082Yonkers
31.6%
198,525Shreveport
31%
183,521Greensboro
29.5%
226,505Riverside
29.2%
186,206Lubbock
27.5%
180,038Glendale
23.7%
293,742Santa Ana
23%
210,943Stockton
21.3%
188,004Hialeah
16.6%
173,339Fremont
12.2%
180,650Garland
11.6%
181,519Huntington Beach
10.2%

You're not logged in!

Compare scores with friends on all Sporcle quizzes.
OR
Log In

Sporcle TV

Today on Sporcle TV


Watch our educational content, quiz creation guides, and fun videos on Sporcle TV.

Show Comments

Extras

Top Quizzes Today


Score Distribution

Your Account Isn't Verified!

In order to create a playlist on Sporcle, you need to verify the email address you used during registration. Go to your Sporcle Settings to finish the process.

Report this User

Report this user for behavior that violates our Community Guidelines.

Details: